Bài tập toán học lớp 10 phổ thông

Gardado en:
Detalles Bibliográficos
Formato: Libro
Idioma:Undetermined
Publicado: Hà Nội Giáo dục 1974
Những chủ đề:
Các nhãn: Engadir etiqueta
Sen Etiquetas, Sexa o primeiro en etiquetar este rexistro!
Thư viện lưu trữ: Trung tâm Học liệu Trường Đại học Cần Thơ
LEADER 00440nam a2200157Ia 4500
001 CTU_1052
008 210402s9999 xx 000 0 und d
082 |a 510 
082 |b B103m 
245 0 |a Bài tập toán học 
245 0 |b lớp 10 phổ thông 
260 |a Hà Nội 
260 |b Giáo dục 
260 |c 1974 
650 |a mathematics - problems, exercises 
980 |a Trung tâm Học liệu Trường Đại học Cần Thơ